Quizzes
Events
Quiz Creation
Community
Videos
Private Events
Remove Ads
Sign In
Join for FREE
Feedback
Dark Mode
Quiz Categories
Sports
Geography
Music
Movies
Television
Just For Fun
Miscellaneous
History
Literature
Language
Science
Gaming
Entertainment
Religion
Holiday
For Kids
Quiz Lab
Recent
Popular Today
Quiz Kudos Today
Editor Picks
Curator Picks
Quizzes by...
Day
Popularity
Type
Ratings
Length
Year
Community
Subscriptions
Recent Discussions
Orange Saloon
Badges
Playlists
Quests
Create
Leaderboards
Showdown
Live 5
Trivia Bingo
Activity
Puzzle Library
Sporcle Events
Private Events
Virtual Trivia
Globe League
Become a Host
Pub Owners
SporcleCon
Opinionation
Our Games
Videos
Blog
Mobile Apps
Partnerships
Remove Ads and Go Orange
Feedback
Sports
Athletes
MLB
NBA
NHL
NFL
Soccer
Sports Teams
WWE
NCAA
Football
Premier League
Basketball
Baseball
Hockey
Golf
Tennis
Cricket
Rugby
Auto Racing
Olympics
World Cup
Sports
Athletes
MLB
NBA
NHL
NFL
Soccer
Sports Teams
WWE
NCAA
Football
Premier League
Basketball
Baseball
Hockey
Golf
Tennis
Cricket
Rugby
Auto Racing
Olympics
World Cup
Random Quiz
Search Sporcle
×
Quiz Lab
Quiz Lab
Sports
plu
Type in answers that appear in a list
Type in answers that appear in a list
Classic
Best Score? Go Orange.
Joueurs 100 matchs Ligue Champions Stats
Pouvez-vous citer les 33 joueurs à plus de 100 matchs en Ligue Champions ?
By
nikop17
10m
33 Questions
1,834 Plays
1,834 Plays
1,834 Plays
Comments
Comments
Give Quiz Kudos
Give Quiz Kudos
-
- Ratings
hide this ad
Replay
Link that replays current quiz
Next Quiz
Link to next quiz in quiz playlist
You Got
0%
They Got
Avg Score
70%
Avg Friend Score
Upgrade to see
Score Distribution
Jump to the score distribution portion of the page
Score
0/33
Timer
10:00
0
Plays Today
Matchs
Joueurs
% Correct
148
Cristiano Ronaldo
98.4%
122
Lionel Messi
96.6%
151
Xavi Hernandez
96.5%
168
Iker Casillas
96.1%
128
Andres Iniesta
94.6%
119
Zlatan Ibrahimovic
94.5%
116
Gianluigi Buffon
90.3%
141
Ryan Giggs
89.2%
105
Arjen Robben
88.3%
111
Sergio Ramos
87.4%
112
Thierry Henry
85.5%
142
Raul Gonzalez
79.5%
107
David Beckham
78.1%
100
Andriy Shevchenko
74%
115
Carles Puyol
73.4%
105
Franck Lampard
73.3%
108
Dani Alves
71.7%
Matchs
Joueurs
% Correct
104
Cesc Fabregas
68.8%
111
Petr Cech
67.5%
109
Paulo Maldini
66.5%
103
Luis Figo
64.4%
124
Paul Scholes
64.2%
108
Andrea Pirlo
64.2%
112
Philipp Lahm
64%
109
John Terry
60.9%
120
Roberto Carlos
57.6%
103
Oliver Kahn
53.4%
108
Patrice Evra
45.9%
106
Victor Valdes
45%
125
Clarence Seedorf
43.9%
108
Ashley Cole
43.2%
119
Xabi Alonso
33.7%
109
Gary Neville
29.7%
Quiz Playlist
Details
Report
Send in Message
Add To Playlist
Classic:
Type in answers that appear in a list
Last Updated: Nov 20, 2017
Quiz Scoreboard
CHALLENGE
Sign Up to Join the Scoreboard
Show All
Scores
Hide
Comments
May contain spoilers
Recently Published
9x9 Crossword: Cartoon Network
by jackfrog10
Miscellaneous
3m
College Basketball Coaching Resumes
by pancakes188
Sports
9m
Billboard Blitz: Fleetwood Mac
by CooCooCachoo
Music
15s
More to Explore
Quiz From the Vault
Featured Blog Post
Where Did the Easter Bunny Come From?
hide this ad
You Might Also Like...
Tags
100
champion
les
ligue
plu
Today's Top Quizzes in Sports
Browse Sports
hide this ad
Today's Top Quizzes in plu
Browse plu
Top Contributed Quizzes in Sports
1
2022 World Cup Stars
2
Les meilleurs buteurs des matchs entre le PSG et l’OM
3
FIFA Club World Cup Champions
4
Les entraîneurs de l'OM et du PSG au 21e siècle
5
Criteria MLB: Left Handed Sluggers
6
AFC Teams Reveal (Wrong Answers Minefield)
7
2023 MLB Unique Player Accomplishments
8
5-to-1: FBS Animal Nicknames
9
Players with Multiple 50 Home Run Seasons
10
5-to-1: UK Sports Teams
Explore More
Trending Topics
Disney
Kpop
Marvel
NBA
Anime
Crossword
Harry Potter
Song
Country
Pokémon
NFL
Soccer
WWE
Puzzle
The Office
hide this ad
More By:
nikop17
Quiz
Plays
Rating
Category
Featured
Created
79 pays Coupe du Monde
6,049
3.33
Sports
Nov 29, 2017
Les 50 plus gros transferts du PSG
3,914
5.00
Sports
Jun 13, 2017
Anciens clubs Bleus Champions Monde
3,187
5.00
Sports
Nov 15, 2018
Vainqueur Ligue Champions
2,843
Sports
Oct 30, 2017
Vainqueurs Ballon d'Or
2,797
Sports
Oct 10, 2017
Go to Creator's Profile
Score Distribution
Quiz Creator Spotlight
nikop17
Follow
Send a Message
Quizzes Created
-
Created Quiz Play Count
-
More By This Creator
Popular Quizzes Today
1
Find the US States - No Outlines Minefield
2
Find the Countries of Europe - No Outlines Minefield
3
The Countries of the World
4
Find the US States
5
Risky Map Clicking: Biggest States A-Z
6
US States
7
Popular People in 1961
8
Movies - When Are They Set?
More Sports Quizzes
Kevin De Bruyne's Cup Final XI's
Quiz Lab
Trending Quizzes
Risky Map Clicking: Least Populous States A-Z
1-10 Letter G Words
1-10 Letter F Words
Risky Map Clicking: Next State Alphabetically
Adjectives in 80s TV Shows
Recently Updated
Leaping Animals
pecheneg
Reality TV Shows (A-Z)
bhenderson79
Rickey Henderson's Hall of Fame Teammates
pecheneg
Champions League XIs: Arsenal
pecheneg
Quick Pick: Celebrities in WWE's Hall of Fame
aduchscher
A-Z Keypad Blitz II
pecheneg
Multiple Oscar Actors
pecheneg
Mystery Phrase Blitz: Oscar 'Best Actors'
pecheneg
F. Scott Fitzgerald Novels
LTH
Pick 3 Villains
ddd62291
Trending Topics
Kpop
Marvel
Anime
Disney
Crossword
Harry Potter
NBA
WWE
Soccer
The Office
Pokémon
NFL
Country
Song
Puzzle
Your Account Isn't Verified!
In order to create a playlist on Sporcle, you need to verify the email address you used during registration. Go to your
Sporcle Settings
to finish the process.
Report this User
Report this user for behavior that violates our
Community Guidelines
.
Details:
Send Report
Go to the Sporcle.com Mobile Site →
Comments